Kuinka monta rajaa? - 5 elämää #2 - Statistics

Yleistilastot
  • Tätä visaa on pelattu 526 kertaa
    525 viimeisimmän päivityksen jälkeen
  • Keskiarvotulos 10 / 20
Vastaustilastot
Valtio Rajanaapurit Rajoja % Oikein
Norja Ruotsi, Suomi, Venäjä 3
100%
Australia 0
85%
Mongolia Kiina, Venäjä 2
83%
Qatar Saudi-Arabia 1
75%
Monaco Ranska 1
67%
Liechtenstein Itävalta, Sveitsi 2
62%
Filippiinit 0
59%
Indonesia Itä-Timor, Malaysia, Papua-Uusi-Guinea 3
59%
Brunei Indonesia 1
53%
Bangladesh Intia, Myanmar 2
45%
Belize Guatemala, Meksiko 2
42%
Gambia Senegal 1
38%
Bhutan Intia, Kiina 2
36%
Djibouti Eritrea, Etiopia, Somalia 3
33%
Kap Verde 0
32%
Kuwait Irak, Saudi-Arabia 2
24%
Guyana Brasilia, Suriname, Venezuela 3
24%
Libanon Israel, Syyria 2
18%
Saksa Alankomaat, Belgia, Itävalta, Luxemburg, Puola, Ranska, Sveitsi, Tanska, Tšekki 9
16%
Iran Afganistan, Armenia, Azerbaidžan, Irak, Pakistan, Turkmenistan, Turkki 7
14%
Ehtoja vastaavia visoja ei löytynyt
Tulosjakauma
Jokaisen tuloksen saaneiden osuus
Persentiili vastausten määrän mukaan
Tuloshistoriasi
Et ole pelannut tätä visaa sen viimeisimmän päivityksen jälkeen